Quizzes
Events
Quiz Creation
Community
Videos
Private Events
Remove Ads
Sign In
Join for FREE
Feedback
Dark Mode
Quiz Categories
Sports
Geography
Music
Movies
Television
Just For Fun
Miscellaneous
History
Literature
Language
Science
Gaming
Entertainment
Religion
Holiday
For Kids
Quiz Lab
Recent
Popular Today
Quiz Kudos Today
Editor Picks
Curator Picks
Quizzes by...
Day
Popularity
Type
Ratings
Length
Year
Community
Subscriptions
Recent Discussions
Orange Saloon
Badges
Playlists
Quests
Create
Leaderboards
Showdown
Live 5
Trivia Bingo
Activity
Puzzle Library
Sporcle Events
Private Events
Virtual Trivia
Globe League
Become a Host
Pub Owners
SporcleCon
Opinionation
Our Games
Videos
Blog
Mobile Apps
Partnerships
Remove Ads and Go Orange
Feedback
Entertainment
Celebrity
Famous
Musical
Broadway
Show
Quote
Comic Books
Anime
Superhero
DC Comics
Marvel
Cartoons
Animation
Entertainment
Celebrity
Famous
Musical
Broadway
Show
Quote
Comic Books
Anime
Superhero
DC Comics
Marvel
Cartoons
Animation
Random Quiz
Search Sporcle
×
Quiz Lab
Quiz Lab
Entertainment
Musical
Type in answers that appear in a list
Type in answers that appear in a list
Classic
Best Score? Go Orange.
Tony - Featured Actor (Musical) Stats
Can you name the Tony - Feature Actor (Musical)?
By
robzalli
10m
61 Questions
66 Plays
66 Plays
66 Plays
Comments
Comments
Give Quiz Kudos
Give Quiz Kudos
-
- Ratings
hide this ad
Replay
Link that replays current quiz
Next Quiz
Link to next quiz in quiz playlist
You Got
0%
They Got
Avg Score
34%
Avg Friend Score
Upgrade to see
Score Distribution
Jump to the score distribution portion of the page
Score
0/61
Timer
10:00
0
Plays Today
Year
Winner
% Correct
2000
Boyd Gaines
75.8%
2008
Boyd Gaines
75.8%
1996
Wilson Jermaine Heredia
63.6%
1967
Joel Grey
62.1%
1952
Yul Brynner
59.1%
1980
Mandy Patinkin
59.1%
2004
Michael Cerveris
59.1%
2003
Dick Latessa
56.1%
1999
Roger Bart
54.5%
2001
Gary Beach
54.5%
1961
Dick van Dyke
53%
2007
John Gallagher, Jr.
51.5%
1995
George Hearn
50%
2009
Gregory Jbara
48.5%
1990
Michael Jeter
47%
1978
Kevin Kline
43.9%
1981
Hinton Battle
42.4%
1984
Hinton Battle
42.4%
1991
Hinton Battle
42.4%
2002
Shuler Hensley
42.4%
1998
Ron Rifkin
40.9%
2005
Dan Fogler
40.9%
2006
Christian Hoff
40.9%
1962
Charles Nelson Reilly
34.8%
1976
Sammy Williams
33.3%
1974
Tommy Tune
31.8%
1982
Cleavant Derricks
31.8%
1997
Chuck Cooper
31.8%
1955
Cyril Ritchard
28.8%
1960
Tom Bosley
28.8%
1969
Ronald Holgate
28.8%
Year
Winner
% Correct
1993
Anthony Crivello
28.8%
1994
Jarrod Emick
28.8%
1947
David Wayne
27.3%
1975
Ted Ross
27.3%
1985
Ron Richardson
25.8%
1987
Michael Maguire
25.8%
1989
Scott Wise
25.8%
1958
David Burns
24.2%
1963
David Burns
24.2%
1970
René Auberjonois
24.2%
1986
Michael Rupert
22.7%
1954
Harry Belafonte
21.2%
1972
Larry Blyden
21.2%
1973
George S. Irving
21.2%
1979
Henderson Forsythe
21.2%
1951
Russell Nype
19.7%
1959
Russell Nype
19.7%
1966
Frankie Michaels
19.7%
1992
Scott Waara
19.7%
1953
Hiram Sherman
18.2%
1957
Sydney Chaplin
18.2%
1964
Jack Cassidy
18.2%
1968
Hiram Sherman
18.2%
1950
Myron McCormick
16.7%
1971
Keene Curtis
16.7%
1956
Russ Brown
15.2%
1977
Lenny Baker
15.2%
1983
Charles Honi Coles
15.2%
1988
Bill McCutcheon
13.6%
1965
Victor Spinetti
12.1%
Quiz Playlist
Details
Report
Send in Message
Add To Playlist
Classic:
Type in answers that appear in a list
Last Updated: Feb 16, 2017
Quiz Scoreboard
CHALLENGE
Sign Up to Join the Scoreboard
Show All
Scores
Hide
Comments
May contain spoilers
Recently Published
College Basketball Coaching Resumes
by pancakes188
Sports
9m
Billboard Blitz: Fleetwood Mac
by CooCooCachoo
Music
15s
Presidents Visiting Landmarks
by Hejman
History
7m
More to Explore
Quiz From the Vault
Featured Blog Post
Where Did the Easter Bunny Come From?
hide this ad
You Might Also Like...
Tags
Actor Quiz
Musical Quiz
feature
Featured
Tony
Winner
Today's Top Quizzes in Entertainment
Browse Entertainment
hide this ad
Today's Top Quizzes in Musical
Browse Musical
Top Contributed Quizzes in Entertainment
1
7-to-1: DC Comics Villains
2
Marvel Characters Bunker
3
Eurovision 2023 Logic Puzzle
4
Dragon Ball Z: Goku's Fights in Order
5
Criteria Quickie: Cartoon Taxonomy II
6
Sorting Pictures: Villains
7
Kamen Rider Motifs
8
Mini Trivia Sudoku: Musicals
9
Fictional Villains Letter U Blitz
10
7-to-1: One Piece
Explore More
Trending Topics
Crossword
Harry Potter
Anime
Disney
Marvel
Kpop
NBA
Soccer
Song
Puzzle
Country
NFL
The Office
Pokémon
WWE
hide this ad
More By:
robzalli
Quiz
Plays
Rating
Category
Featured
Created
Countries by Area
4,041
4.20
Geography
Oct 25, 2009
Best Actress Oscar winners and their films
862
4.83
Movies
Dec 31, 2018
Countries of Europe by land area
758
4.44
Geography
Dec 1, 2009
Tony Award Nominees - Musical - 00s
612
2.56
Entertainment
Apr 11, 2010
Best Actor Oscar winners and their films
535
4.75
Movies
Dec 30, 2018
Go to Creator's Profile
Score Distribution
Quiz Creator Spotlight
robzalli
Follow
Send a Message
Quizzes Created
-
Created Quiz Play Count
-
More By This Creator
Popular Quizzes Today
1
Find the US States - No Outlines Minefield
2
Find the Countries of Europe - No Outlines Minefield
3
The Countries of the World
4
Find the US States
5
Risky Map Clicking: Biggest States A-Z
6
US States
7
Popular People in 1961
8
Movies - When Are They Set?
More Entertainment Quizzes
Superheroes with Physical Disabilities
Published
Trending Quizzes
Risky Map Clicking: Least Populous States A-Z
1-10 Letter G Words
1-10 Letter F Words
Risky Map Clicking: Next State Alphabetically
Risky Map Clicking: Biggest States A-Z
Recently Updated
Leaping Animals
pecheneg
Reality TV Shows (A-Z)
bhenderson79
Rickey Henderson's Hall of Fame Teammates
pecheneg
Champions League XIs: Arsenal
pecheneg
Quick Pick: Celebrities in WWE's Hall of Fame
aduchscher
A-Z Keypad Blitz II
pecheneg
Multiple Oscar Actors
pecheneg
Mystery Phrase Blitz: Oscar 'Best Actors'
pecheneg
F. Scott Fitzgerald Novels
LTH
Pick 3 Villains
ddd62291
Trending Topics
Crossword
NBA
Anime
Disney
Kpop
Marvel
Harry Potter
Puzzle
Country
The Office
Song
Soccer
NFL
Pokémon
WWE
Your Account Isn't Verified!
In order to create a playlist on Sporcle, you need to verify the email address you used during registration. Go to your
Sporcle Settings
to finish the process.
Report this User
Report this user for behavior that violates our
Community Guidelines
.
Details:
Send Report
Go to the Sporcle.com Mobile Site →
Comments